000 00953nam a22003257a 4500
001 BR0705496
003 BR-BrBNA
005 20230928102534.0
007 ta
008 230509b bl.||||| |||| 00| 0 por d
040 _aBR-BrBNA
_bpor
_cBiblioteca Nacional de Agricultura
041 _a(Por)
072 _aH10; H60
_b0336
_b4010
_b3877
_b3875
_b3876
090 _ 0336 BR0705496
110 1 _aCooperativa Central de Pesquisa Agrícola, Cascavel, PR (Brasil)
_92821
245 1 _aTecnologia de aplicação de defensivos agrícolas 2
_bEncontro técnico 8
260 3 _aCascavel, PR (Brasil):
_c2004.
300 _a122 p.
500 _aBibliography p. 120-122
650 _aSOJA
650 _aDEFESA VEGETAL
650 _aPRAGA DE PLANTA
650 _aCONTROLE QUÍMICO
650 _aMÉTODO DE APLICAÇÃO
650 _aINSETICIDA
650 _aFUNGICIDA
650 _aHERBICIDA
909 _a202309
_bLucia
_c55
_dLucia Elande
942 _cBK
999 _c71285
_d71285